Könige Frankreichs Quiz - Statistiken

Allgemein
  • Dieses Quiz wurde 172 mal gespielt
    167 seit der letzten Aktualisierung
  • Das Durchschnittsergebnis liegt bei 26 aus 38
Antwortstatistiken
Regierungszeit Name des Königs % Korrekt
1226 - 1270 Ludwig IX.
99%
1108 - 1137 Ludwig VI.
99%
1131 - 1180 Ludwig VII.
99%
1223 - 1226 Ludwig VIII.
99%
1314 - 1316 Ludwig X.
99%
1461 - 1483 Ludwig XI.
99%
1498 - 1515 Ludwig XII.
99%
1610 - 1643 Ludwig XIII.
99%
1643 - 1715 Ludwig XIV.
99%
1715 - 1774 Ludwig XV.
99%
1774 - 1792 Ludwig XVI.
99%
1322 - 1328 Karl IV.
78%
1560 - 1574 Karl IX.
78%
1364 - 1380 Karl V.
78%
1380 - 1422 Karl VI.
78%
1422 - 1461 Karl VII.
78%
1483 - 1498 Karl VIII.
78%
1824 - 1830 Karl X.
78%
1027 - 1070 Heinrich I.
68%
1547 - 1559 Heinrich II.
68%
1574 - 1589 Heinrich III.
68%
1589 - 1610 Heinrich IV.
68%
1130 - 1131 Philipp
59%
1059 - 1108 Philipp I.
59%
1179 - 1223 Philipp II.
59%
1270 - 1285 Philipp III.
59%
1285 - 1314 Philipp IV.
59%
1316 - 1322 Philipp V.
59%
1328 - 1350 Philipp VI.
59%
1515 - 1547 Franz I.
48%
1559 - 1560 Franz II.
48%
1316 Johann I.
41%
1350 - 1364 Johann II.
41%
1830 - 1848 Ludwig Philipp
39%
1017 - 1025 Hugo
35%
987 - 1031 Robert II.
29%
1814 - 18151815 - 1824 Ludwig XVIII.
24%
987 - 996 Hugo Capet
22%
Keine übereinstimmenden Quizze gefunden
Verteilung der Resultate
Anzahl Personen mit jedem Resultat
Perzentil nach korrekt beantworteten Fragen
Ihre Resultats-Entwicklung
Sie haben dieses Quiz seit der letzten Aktualisierung nicht gespielt